00857nam 22002533 4500001000700000010002200007021001800029090001100047100004100058200010100099205000800200210003700208215003500245225002000280300003700300606003900337675002600376700004600402702003300448801001800481830001600499990001100515995007700526202149 a978-989-23-5169-8 aPTb485079/21 a202149 a20260513d u||y0pory50 ba aHistórias de um Leque MágicofRosário Alçada Araújogilustrações de Carla Nazareth a3ª aAlfragidecEdições ASAd2021 a35, [3] p.cencadernadod25 cm aVira a página aLER+ - Plano Nacional de Leitura 922aLiteratura Infantil Portuguesa a821.134.3-93vPTzpor 91061aAraújobRosário Alçadaf1973- 91289aNazarethbCarlaf1975- aPTbBMMNgRPC cAna Caetano cLIVROS 002052026-05-13931869bBE1f31589k821.134.3-93 ARAo0rLIVROSsCompra